[Event "VL-2022/23"]
[Site "MVP"]
[Date "2022.11.27"]
[Round "3.7"]
[White "Kumbernuss, Torsten"]
[Black "Junggebauer, Thomas"]
[Result "0-1"]
[WhiteElo "1562"]
[BlackElo "1971"]
[PlyCount "90"]
[EventDate "2022.??.??"]
[EventType "team-tourn"]
[EventRounds "9"]
[EventCountry "GER"]
[WhiteTeam "Mecklenburger Springer"]
[BlackTeam "GW Wismar"]
[WhiteTeamCountry "GER"]
[BlackTeamCountry "GER"]

1. e4 c5 2. Nf3 e6 3. d3 Nc6 4. a3 Nf6 5. Be2 d5 6. exd5 exd5 7. O-O Be7 8. c4 O-O 9. Bg5 h6 10. Bxf6 Bxf6 11. Qc2 Bf5 12. Nc3 dxc4 13. Ne4 cxd3 14. Bxd3 Bxe4 15. Bxe4 Qb6 16. Bxc6 Qxc6 17. Rab1 Rfe8 18. Rfe1 Qb5 19. b3 b6 20. a4 Qb4 21. Rxe8+ Rxe8 22. h3 Qc3 23. Qxc3 Bxc3 24. Kf1 Kf8 25. Ng1 Ke7 26. Ke2 Kd6+ 27. Kd3 Bd4 28. Rf1 Kc6 29. Nf3 Rd8 30. Kc4 a6 31. b4 b5+ 32. axb5+ axb5+ 33. Kb3 c4+ 34. Kc2 Bf6 35. Rd1 Rxd1 36. Kxd1 Bc3 37. Kc2 Bxb4 38. Ne5+ Kd5 39. Nxf7 Be7 40. Nh8 b4 41. Ng6 b3+ 42. Kd2 Bb4+ 43. Kc1 Ke4 44. Kb2 Bd6 45. Nh4 Be5+ 0-1

[Event "VL-2022/23"]
[Site "MVP"]
[Date "2022.11.27"]
[Round "3.3"]
[White "Schmidt, Paul"]
[Black "Schamber, Dennis"]
[Result "0-1"]
[WhiteElo "1849"]
[BlackElo "1714"]
[PlyCount "56"]
[EventDate "2022.??.??"]
[EventType "team-tourn"]
[EventRounds "9"]
[EventCountry "GER"]
[WhiteTeam "SAV Torgelow II"]
[BlackTeam "Makkabi Rostock"]
[WhiteTeamCountry "GER"]
[BlackTeamCountry "GER"]

1. e4 c5 2. Nf3 d6 3. d4 cxd4 4. Nxd4 Nf6 5. Nc3 a6 6. Bg5 e6 7. f4 h6 8. Bh4 Be7 9. Qf3 Qc7 10. Bxf6 Bxf6 11. O-O-O Nc6 12. Nb3 b5 13. Bxb5 axb5 14. Nxb5 Qb6 15. Nxd6+ Kf8 16. e5 Be7 17. a3 Bxd6 18. Rxd6 Bb7 19. Rhd1 g6 20. Qc3 Kg7 21. Nc5 Rhc8 22. Nxb7 Qxb7 23. Rd7 Qb5 24. Qd3 Qa4 25. g3 Na5 26. Kb1 Nc4 27. Rb7 Qc6 28. Qd7 Nxa3+ 0-1

[Event "VL-2022/23"]
[Site "MVP"]
[Date "2022.11.27"]
[Round "3.4"]
[White "Roeste, Hugo"]
[Black "Troemer, Felix"]
[Result "1/2-1/2"]
[WhiteElo "1613"]
[BlackElo "1753"]
[PlyCount "110"]
[EventDate "2022.??.??"]
[EventType "team-tourn"]
[EventRounds "9"]
[EventCountry "GER"]
[WhiteTeam "Makkabi Rostock"]
[BlackTeam "SAV Torgelow II"]
[WhiteTeamCountry "GER"]
[BlackTeamCountry "GER"]

1. d4 Nf6 2. c4 e6 3. Nc3 Bb4 4. Bg5 c5 5. dxc5 Bxc5 6. e3 Be7 7. Nf3 b6 8. Be2 Bb7 9. O-O O-O 10. Nd4 Na6 11. Bf3 Nc5 12. Bxb7 Nxb7 13. Qf3 Na5 14. b3 Rc8 15. Rfd1 h6 16. Bh4 d5 17. Nce2 g5 18. Bg3 Qd7 19. Be5 Ne4 20. cxd5 Qxd5 21. Nf5 Qxe5 22. Nxe7+ Kg7 23. Nxc8 Rxc8 24. Nd4 Nc6 25. Nxc6 Rxc6 26. Rac1 Rxc1 27. Rxc1 Qb2 28. Re1 Nc3 29. e4 Nxa2 30. e5 Nc3 31. h4 Qd2 32. Ra1 Ne2+ 33. Kh1 Nd4 34. Qf6+ Kg8 35. Qd8+ Kh7 36. hxg5 Qxf2 37. gxh6 Nf5 38. Qg5 a5 39. Ra4 Qe1+ 40. Kh2 Qxe5+ 41. Rf4 b5 42. Kh1 a4 43. bxa4 bxa4 44. Rg4 Qe1+ 45. Kh2 Qe5+ 46. Kh3 Qc3+ 47. g3 Nxh6 48. Rh4 Qg7 49. Qxg7+ Kxg7 50. Rxa4 Kg6 51. g4 f6 52. Kg3 Nf7 53. Ra6 e5 54. Ra8 Nh6 55. Ra4 Kg5 1/2-1/2

[Event "VL-2022/23"]
[Site "MVP"]
[Date "2022.11.27"]
[Round "3.2"]
[White "Luther, Alexander"]
[Black "Stoevesand, Peter"]
[Result "0-1"]
[WhiteElo "2085"]
[BlackElo "1754"]
[PlyCount "92"]
[EventDate "2022.??.??"]
[EventType "team-tourn"]
[EventRounds "9"]
[EventCountry "GER"]
[WhiteTeam "Guestrow/Teterow"]
[BlackTeam "SG Neubrandenburg"]
[WhiteTeamCountry "GER"]
[BlackTeamCountry "GER"]

1. d4 d5 2. c4 e6 3. Nc3 Nf6 4. cxd5 exd5 5. Bg5 Be7 6. e3 O-O 7. Bd3 h6 8. Bh4 Nbd7 9. Nge2 c5 10. O-O c4 11. Bf5 Nb6 12. Qc2 Bxf5 13. Qxf5 Qd7 14. Qxd7 Nbxd7 15. Nf4 Rfd8 16. Rab1 Kf8 17. Bg3 Nb6 18. b3 Rac8 19. Nb5 a6 20. Na7 Ra8 21. bxc4 Nxc4 22. Rxb7 Na5 23. Rfb1 Nxb7 24. Rxb7 g5 25. Nd3 Rd7 26. Rxd7 Nxd7 27. Nc6 Rc8 28. Nxe7 Kxe7 29. Kf1 a5 30. h4 Rc2 31. hxg5 hxg5 32. Ke1 Rxa2 33. Kd1 Nf6 34. Nc1 Ra1 35. f3 a4 36. Be1 Rb1 37. Kc2 Rb8 38. Nd3 Ne8 39. Nb4 Ke6 40. e4 dxe4 41. d5+ Kf5 42. Nc6 Rc8 43. Kb2 Kf4 44. fxe4 Kxe4 45. Bb4 Nf6 46. Ne7 Rb8 0-1

[Event "VL-2022/23"]
[Site "MVP"]
[Date "2022.11.27"]
[Round "3.3"]
[White "Schulz, Daniel"]
[Black "Seiler, Dirk"]
[Result "1/2-1/2"]
[WhiteElo "1817"]
[BlackElo "2128"]
[PlyCount "82"]
[EventDate "2022.??.??"]
[EventType "team-tourn"]
[EventRounds "9"]
[EventCountry "GER"]
[WhiteTeam "SG Neubrandenburg"]
[BlackTeam "Guestrow/Teterow"]
[WhiteTeamCountry "GER"]
[BlackTeamCountry "GER"]

1. e4 e6 2. d4 d5 3. exd5 exd5 4. Nf3 Bd6 5. c4 dxc4 6. Bxc4 Nf6 7. O-O O-O 8. Ne5 Nbd7 9. Re1 Nb6 10. Bb3 c6 11. Nc3 Bf5 12. Qf3 Bg6 13. Bg5 Be7 14. Nxg6 hxg6 15. Rad1 Qc7 16. d5 Rae8 17. dxc6 Qxc6 18. Qxc6 bxc6 19. Kf1 Bb4 20. f3 Rxe1+ 21. Rxe1 Nfd5 22. Rc1 Nxc3 23. bxc3 Bc5 24. Rd1 Re8 25. Rd3 Kf8 26. Bf4 Ke7 27. g4 f6 28. h4 Rd8 29. Rxd8 Kxd8 30. Bf7 Nd5 31. Bd2 Ne7 32. Ke2 Kd7 33. f4 Kd6 34. Kf3 f5 35. Kg3 Ba3 36. Kh3 a6 37. gxf5 gxf5 38. h5 Bb2 39. Kh4 Nd5 40. Kg5 Nxc3 41. Kxf5 Nd5 1/2-1/2

[Event "VL-2022/23"]
[Site "MVP"]
[Date "2022.11.27"]
[Round "3.4"]
[White "Dettmann, Gerd"]
[Black "Rossmann, Andreas"]
[Result "1-0"]
[WhiteElo "2092"]
[BlackElo "2073"]
[PlyCount "59"]
[EventDate "2022.??.??"]
[EventType "team-tourn"]
[EventRounds "9"]
[EventCountry "GER"]
[WhiteTeam "Guestrow/Teterow"]
[BlackTeam "SG Neubrandenburg"]
[WhiteTeamCountry "GER"]
[BlackTeamCountry "GER"]

1. e4 c5 2. Nf3 d6 3. d4 cxd4 4. Nxd4 Nf6 5. Nc3 Nc6 6. f3 e5 7. Nb3 Be6 8. Bg5 Be7 9. Qd2 h6 10. Bxf6 Bxf6 11. Rd1 Qb6 12. Qxd6 Qe3+ 13. Be2 Nd4 14. Nxd4 exd4 15. Nb5 Rc8 16. Nc7+ Rxc7 17. Qxc7 O-O 18. Qa5 Bh3 19. g3 Bg2 20. Qd2 Bxh1 21. Qxe3 dxe3 22. Kf1 Bxb2 23. Kg1 Bxf3 24. Bxf3 Rc8 25. Rd7 Rxc2 26. Bg4 Bc3 27. e5 Bxe5 28. Rd8+ Kh7 29. Bf5+ g6 30. Bxc2 1-0

[Event "VL-2022/23"]
[Site "MVP"]
[Date "2022.11.27"]
[Round "3.5"]
[White "Kunow, Frank"]
[Black "Waschk, Armin"]
[Result "0-1"]
[WhiteElo "1950"]
[BlackElo "2130"]
[PlyCount "136"]
[EventDate "2022.??.??"]
[EventType "team-tourn"]
[EventRounds "9"]
[EventCountry "GER"]
[WhiteTeam "SG Neubrandenburg"]
[BlackTeam "Guestrow/Teterow"]
[WhiteTeamCountry "GER"]
[BlackTeamCountry "GER"]

1. Nf3 d5 2. c4 e6 3. g3 Nf6 4. Bg2 b6 5. O-O Be7 6. Qc2 O-O 7. b3 c5 8. e3 Nc6 9. a3 Ba6 10. d3 Qd7 11. Bb2 Rac8 12. Nbd2 Rfd8 13. Rfd1 Bb7 14. Rac1 h6 15. Qb1 Qe8 16. Qa1 Rd7 17. cxd5 Rxd5 18. Nc4 Rdd8 19. Nfe5 Rc7 20. Bc3 Nxe5 21. Bxe5 Rcd7 22. Bxb7 Rxb7 23. Bb2 Qb5 24. Qa2 Qc6 25. Bxf6 Bxf6 26. b4 Qd5 27. bxc5 bxc5 28. Rb1 Rbd7 29. Qe2 Qg5 30. Rb3 Qg6 31. Kg2 h5 32. a4 h4 33. a5 Rd5 34. e4 h3+ 35. Kg1 R5d7 36. Rdb1 Bd4 37. a6 e5 38. Rb7 f5 39. Rxd7 Rxd7 40. Rb7 Rf7 41. Rxf7 Qxf7 42. Nd6 Qe6 43. Nxf5 Qxa6 44. Qf1 Qa1 45. Ne7+ Kf7 46. Nc8 a5 47. Nb6 Ke7 48. Qxa1 Bxa1 49. f4 Kd8 50. Kf2 Kc7 51. Nc4 a4 52. f5 Bb2 53. g4 a3 54. Nd2 a2 55. Nb3 Bc1 56. Kg3 Bg5 57. Kxh3 Kb6 58. Kg3 Kb5 59. h4 Bf4+ 60. Kf3 Kb4 61. Na1 Kc3 62. g5 Kb2 63. g6 Kxa1 64. f6 gxf6 65. g7 Kb2 66. g8=Q a1=Q 67. Qd5 Qd1+ 68. Kg2 Qe2+ 0-1

[Event "VL-2022/23"]
[Site "MVP"]
[Date "2022.11.27"]
[Round "3.6"]
[White "Gebert-Vangeel, Ralf"]
[Black "Hoerhold, Martin"]
[Result "0-1"]
[WhiteElo "2017"]
[BlackElo "1828"]
[PlyCount "104"]
[EventDate "2022.??.??"]
[EventType "team-tourn"]
[EventRounds "9"]
[EventCountry "GER"]
[WhiteTeam "Guestrow/Teterow"]
[BlackTeam "SG Neubrandenburg"]
[WhiteTeamCountry "GER"]
[BlackTeamCountry "GER"]

1. e4 c5 2. Nf3 d6 3. d4 cxd4 4. Nxd4 Nf6 5. Nc3 a6 6. Bg5 e5 7. Nb3 Be7 8. Qd2 Be6 9. O-O-O Nbd7 10. f3 O-O 11. Kb1 b5 12. h4 b4 13. Nd5 Bxd5 14. exd5 a5 15. Bb5 h6 16. Be3 Nb6 17. Bxb6 Qxb6 18. Bc6 Ra7 19. g4 Nd7 20. Bxd7 Rxd7 21. g5 h5 22. f4 Rc8 23. fxe5 dxe5 24. Qe2 Qc7 25. Rh3 a4 26. Na1 g6 27. Re3 Bd6 28. Qb5 Qa7 29. Qe2 Rdc7 30. Qf3 Rc4 31. Re4 Qa6 32. Qe2 Rd4 33. Rdxd4 Qxe2 34. Rxe2 exd4 35. Re4 Bc5 36. c3 d3 37. Kc1 bxc3 38. bxc3 Ba3+ 39. Kd2 Bb2 40. c4 Bxa1 41. Kxd3 Kf8 42. Re1 Bb2 43. Re2 Ba3 44. Rc2 Bc5 45. Rb2 Rc7 46. Rb5 Ke7 47. Ra5 a3 48. Ra6 Kd7 49. Ke4 Bf2 50. Ke5 Rxc4 51. Kf6 Rf4+ 52. Kg7 Bxh4 0-1

[Event "VL-2022/23"]
[Site "MVP"]
[Date "2022.11.27"]
[Round "3.7"]
[White "Pruesse, Horst"]
[Black "Scharf, Christian"]
[Result "1-0"]
[WhiteElo "2044"]
[BlackElo "1336"]
[PlyCount "55"]
[EventDate "2022.??.??"]
[EventType "team-tourn"]
[EventRounds "9"]
[EventCountry "GER"]
[WhiteTeam "SG Neubrandenburg"]
[BlackTeam "Guestrow/Teterow"]
[WhiteTeamCountry "GER"]
[BlackTeamCountry "GER"]

1. d4 Nf6 2. Nc3 d5 3. Bg5 Bf5 4. Bxf6 gxf6 5. e3 c6 6. Bd3 Bxd3 7. Qxd3 Nd7 8. O-O-O Qc7 9. e4 dxe4 10. Qxe4 Bh6+ 11. Kb1 Qf4 12. Qxf4 Bxf4 13. d5 cxd5 14. Nxd5 Bd6 15. Ne2 O-O-O 16. Nec3 Rhe8 17. f4 e6 18. Ne4 Be7 19. Nxe7+ Rxe7 20. Rhe1 e5 21. Re2 Kc7 22. Red2 a6 23. Nxf6 Nxf6 24. Rxd8 e4 25. R8d2 e3 26. Re2 Kc6 27. Rde1 Nd5 28. c4 1-0

[Event "VL-2022/23"]
[Site "MVP"]
[Date "2022.12.11"]
[Round "4.1"]
[White "Stoevesand, Eric"]
[Black "Lehmann, Ruben"]
[Result "1-0"]
[WhiteElo "1910"]
[BlackElo "1985"]
[PlyCount "61"]
[EventDate "2022.??.??"]
[EventType "team-tourn"]
[EventRounds "9"]
[EventCountry "GER"]
[WhiteTeam "SG Neubrandenburg"]
[BlackTeam "HSG Stralsund"]
[WhiteTeamCountry "GER"]
[BlackTeamCountry "GER"]

1. e4 c5 2. Nf3 d6 3. d4 cxd4 4. Nxd4 Nf6 5. Nc3 a6 6. Be3 e5 7. Nb3 Be6 8. f3 h5 9. Qd2 Be7 10. O-O-O Nbd7 11. Kb1 b5 12. Bd3 Rc8 13. f4 Ng4 14. f5 Bc4 15. Bg1 Nb6 16. h3 Nf6 17. g4 Na4 18. Nxa4 bxa4 19. Na5 Bxd3 20. cxd3 hxg4 21. Nc4 Nxe4 22. Qg2 Nc5 23. Qxg4 Bf6 24. d4 Rh4 25. dxc5 Rxg4 26. hxg4 g6 27. g5 Rb8 28. Rxd6 Qc7 29. gxf6 Rxb2+ 30. Nxb2 Qb7 31. Rh8# 1-0

[Event "VL-2022/23"]
[Site "MVP"]
[Date "2022.12.11"]
[Round "4.2"]
[White "Hubert, Peter"]
[Black "Schulz, Daniel"]
[Result "1/2-1/2"]
[WhiteElo "2114"]
[BlackElo "1817"]
[PlyCount "44"]
[EventDate "2022.??.??"]
[EventType "team-tourn"]
[EventRounds "9"]
[EventCountry "GER"]
[WhiteTeam "HSG Stralsund"]
[BlackTeam "SG Neubrandenburg"]
[WhiteTeamCountry "GER"]
[BlackTeamCountry "GER"]

1. e4 c5 2. Nf3 e6 3. d4 cxd4 4. Nxd4 Nc6 5. c3 Qc7 6. Be2 Nf6 7. Bf3 a6 8. O-O Bd6 9. g3 h5 10. Nxc6 dxc6 11. Qe2 h4 12. Rd1 Be5 13. Be3 hxg3 14. hxg3 Bd7 15. Bd4 c5 16. Bxe5 Qxe5 17. Nd2 b5 18. a4 Ke7 19. axb5 axb5 20. Qe3 Rhe8 21. Nb3 Rxa1 22. Rxa1 Kf8 1/2-1/2

[Event "VL-2022/23"]
[Site "MVP"]
[Date "2022.12.11"]
[Round "4.3"]
[White "Rossmann, Andreas"]
[Black "Mehl, Ronald"]
[Result "1/2-1/2"]
[WhiteElo "2073"]
[BlackElo "2099"]
[PlyCount "46"]
[EventDate "2022.??.??"]
[EventType "team-tourn"]
[EventRounds "9"]
[EventCountry "GER"]
[WhiteTeam "SG Neubrandenburg"]
[BlackTeam "HSG Stralsund"]
[WhiteTeamCountry "GER"]
[BlackTeamCountry "GER"]

1. Nf3 Nf6 2. g3 g6 3. Bg2 Bg7 4. O-O d6 5. d3 O-O 6. e4 Nc6 7. c3 e5 8. Nbd2 h6 9. Qc2 a5 10. d4 Bd7 11. d5 Ne7 12. c4 b6 13. b3 Qc8 14. Re1 Nh5 15. Bb2 Bh3 16. Nf1 Bxg2 17. Kxg2 Qg4 18. Ng1 f5 19. Kh1 f4 (19... fxe4 $1 20. Re2 (20. Qxe4 Qxe4+ 21. Rxe4 Rxf2) (20. Rxe4 Rxf2) 20... Nf6 21. Nd2 Qf5 $17) 20. h3 Qd7 21. g4 Nf6 22. f3 g5 23. a3 Rfb8 1/2-1/2

[Event "VL-2022/23"]
[Site "MVP"]
[Date "2022.12.11"]
[Round "4.4"]
[White "Paulowitz, Bernd-Rainer"]
[Black "Kunow, Frank"]
[Result "0-1"]
[WhiteElo "1904"]
[BlackElo "1950"]
[PlyCount "145"]
[EventDate "2022.??.??"]
[EventType "team-tourn"]
[EventRounds "9"]
[EventCountry "GER"]
[WhiteTeam "HSG Stralsund"]
[BlackTeam "SG Neubrandenburg"]
[WhiteTeamCountry "GER"]
[BlackTeamCountry "GER"]

1. d4 Nf6 2. Nf3 g6 3. g3 Bg7 4. Bg2 c5 5. c3 cxd4 6. cxd4 O-O 7. O-O d6 8. Nc3 Nc6 9. Qb3 Qa5 10. d5 Nb4 11. Nd2 Na6 12. a3 Bd7 13. Nc4 Qc7 14. Ne3 Nc5 15. Qd1 a5 16. a4 Rfb8 17. Bd2 b5 18. axb5 Bxb5 19. Nxb5 Rxb5 20. Bc3 a4 21. Nc2 Nb3 22. Rb1 a3 23. Nxa3 Rxa3 24. Bxf6 Ra2 25. Bxg7 Kxg7 26. Qd3 Qb7 27. Rfd1 f6 28. Qe3 Nc5 29. Rd2 Rb3 30. Qf4 Raxb2 31. Rbxb2 Rxb2 32. Rxb2 Qxb2 33. Bf3 Nd7 34. Qe3 Qb1+ 35. Kg2 Ne5 36. Be4 Qb4 37. f4 Ng4 38. Qf3 f5 39. h3 Nf6 40. Bc2 Qd4 41. g4 Nxd5 42. Kg3 e5 43. fxe5 Qxe5+ 44. Kf2 f4 45. Bb3 Qd4+ 46. Ke1 Qg1+ 47. Kd2 Qe3+ 48. Qxe3 Nxe3 49. Kd3 g5 50. Ke4 Kf6 51. Kd4 Nf1 52. Bd5 h6 53. Ba2 Ng3 54. Bc4 Nh1 55. Bd5 Ng3 56. Bc4 h5 57. gxh5 Nxh5 58. e3 fxe3 59. Kxe3 Ke5 60. Kf3 Nf6 61. Kg3 d5 62. Bd3 Kd4 63. Bb1 Ke3 64. h4 gxh4+ 65. Kxh4 Ne4 66. Kh3 Nc3 67. Bc2 Kd2 68. Bf5 Ne4 69. Kg2 Ke3 70. Be6 d4 71. Bc4 Kd2 72. Kf3 Kc3 73. Bf1 0-1

[Event "VL-2022/23"]
[Site "MVP"]
[Date "2022.12.11"]
[Round "4.5"]
[White "Hoerhold, Martin"]
[Black "Bramhoff, Jakob"]
[Result "0-1"]
[WhiteElo "1828"]
[BlackElo "1659"]
[PlyCount "80"]
[EventDate "2022.??.??"]
[EventType "team-tourn"]
[EventRounds "9"]
[EventCountry "GER"]
[WhiteTeam "SG Neubrandenburg"]
[BlackTeam "HSG Stralsund"]
[WhiteTeamCountry "GER"]
[BlackTeamCountry "GER"]

1. d4 Nf6 2. c4 e6 3. Nf3 c5 4. d5 exd5 5. cxd5 d6 6. Nc3 g6 7. e4 Bg7 8. Bg5 O-O 9. Bd3 h6 10. Bf4 a6 11. a4 Re8 12. O-O Bg4 13. h3 Bxf3 14. Qxf3 Qc7 15. Bxh6 Bxh6 16. Qxf6 Nd7 17. Qh4 Bg7 18. Rac1 c4 19. Nd1 b5 20. b3 Nc5 21. axb5 Nxd3 22. Rxc4 Qb6 23. bxa6 Ne5 24. Rc3 Rxa6 25. Kh1 Qb4 26. f4 Nd7 27. Rc7 Nc5 28. e5 dxe5 29. Qf2 Nd3 30. Qe2 e4 31. Rc4 Qxb3 32. Rxe4 Rxe4 33. Qxe4 Ra8 34. d6 Rf8 35. Qc6 Qe6 36. Qc7 Qe2 37. Rg1 Nxf4 38. d7 Ne6 39. Qa5 Qd3 40. Qa4 Rd8 0-1

[Event "VL-2022/23"]
[Site "MVP"]
[Date "2022.12.11"]
[Round "4.6"]
[White "Glawe, Hartmut"]
[Black "Pruesse, Horst"]
[Result "0-1"]
[WhiteElo "2017"]
[BlackElo "2044"]
[PlyCount "58"]
[EventDate "2022.??.??"]
[EventType "team-tourn"]
[EventRounds "9"]
[EventCountry "GER"]
[WhiteTeam "HSG Stralsund"]
[BlackTeam "SG Neubrandenburg"]
[WhiteTeamCountry "GER"]
[BlackTeamCountry "GER"]

1. d4 c5 2. d5 e5 3. e4 d6 4. Nc3 f5 5. Bb5+ Bd7 6. exf5 Nf6 7. a4 Be7 8. Nge2 O-O 9. Ng3 Na6 10. O-O Nb4 11. f4 a6 12. Bc4 e4 13. Re1 b5 14. axb5 axb5 15. Rxa8 Qxa8 16. Nxb5 Bxb5 17. Bxb5 Nbxd5 18. Bc4 Kh8 19. Bxd5 Nxd5 20. Rxe4 Bh4 21. Re6 Qa1 22. Rxd6 Nf6 23. Be3 Qxb2 24. Bxc5 Qc3 25. Bf2 Qc8 26. Qd3 Ng4 27. Bd4 Re8 28. Ne2 Qb8 29. Rd7 Qb1+ 0-1

[Event "VL-2022/23"]
[Site "MVP"]
[Date "2022.12.11"]
[Round "4.4"]
[White "Bollnow, Alex"]
[Black "Waschk, Armin"]
[Result "0-1"]
[WhiteElo "1659"]
[BlackElo "2130"]
[PlyCount "90"]
[EventDate "2022.??.??"]
[EventType "team-tourn"]
[EventRounds "9"]
[EventCountry "GER"]
[WhiteTeam "SAV Torgelow II"]
[BlackTeam "Guestrow/Teterow"]
[WhiteTeamCountry "GER"]
[BlackTeamCountry "GER"]

1. e4 c5 2. Nf3 d6 3. d4 cxd4 4. Nxd4 Nf6 5. Nc3 a6 6. Be2 e5 7. Nf3 Be7 8. O-O O-O 9. Bg5 h6 10. Bh4 b5 11. Nd5 Bb7 12. Nxe7+ Qxe7 13. Bd3 Nbd7 14. a4 bxa4 15. Rxa4 Nc5 16. Rc4 Qe6 17. Bxf6 Qxf6 18. b4 Ne6 19. Qb1 d5 20. exd5 Bxd5 21. Rg4 h5 22. Rg3 e4 23. c4 exd3 24. cxd5 Nf4 25. Kh1 Rfd8 26. Rg5 Rd6 27. Re1 Rxd5 28. Rxd5 Nxd5 29. Qxd3 Nxb4 30. Qe4 Rb8 31. h4 g6 32. g4 hxg4 33. Qxg4 Nd3 34. Re2 Rb1+ 35. Kh2 Rb4 36. Re8+ Kg7 37. Qc8 Qxf3 38. Rg8+ Kf6 39. Qd8+ Kf5 40. Qg5+ Ke4 41. Re8+ Kd4 42. Rd8+ Kc3 43. Rc8+ Kb3 44. Qd2 Rxh4+ 45. Kg1 Rh1# 0-1

[Event "VL-2022/23"]
[Site "MVP"]
[Date "2022.12.11"]
[Round "4.6"]
[White "Schmekel, Matthias"]
[Black "Scharf, Christian"]
[Result "1/2-1/2"]
[WhiteElo "1938"]
[BlackElo "1336"]
[PlyCount "121"]
[EventDate "2022.??.??"]
[EventType "team-tourn"]
[EventRounds "9"]
[EventCountry "GER"]
[WhiteTeam "SAV Torgelow II"]
[BlackTeam "Guestrow/Teterow"]
[WhiteTeamCountry "GER"]
[BlackTeamCountry "GER"]

1. e4 c5 2. Nf3 d6 3. d4 cxd4 4. Nxd4 Nf6 5. Nc3 a6 6. Be3 e6 7. Be2 Nbd7 8. Qd2 b5 9. a3 Bb7 10. f3 Nb6 11. g4 Nfd7 12. O-O-O Ne5 13. b3 Qc7 14. Ndxb5 axb5 15. Nxb5 Qd8 16. Nxd6+ Bxd6 17. Qxd6 Qxd6 18. Rxd6 Nc8 19. Bb5+ Ke7 20. Rd2 Bc6 21. Bc5+ Kf6 22. Be2 Nd7 23. Bd4+ e5 24. Bb2 Ke7 25. Rhd1 f6 26. a4 Ndb6 27. Ba3+ Kf7 28. Kb2 h5 29. h3 hxg4 30. hxg4 Rh2 31. c4 Kg6 32. Kc3 Ra7 33. c5 Nd7 34. Bc4 Rxd2 35. Rxd2 Rc7 36. a5 Na7 37. Bc1 Nb5+ 38. Bxb5 Bxb5 39. b4 Nb8 40. Rd6 Nc6 41. Be3 Kf7 42. g5 Ke7 43. f4 Rd7 44. gxf6+ gxf6 45. fxe5 fxe5 46. Bg5+ Ke8 47. Re6+ Kf7 48. Rf6+ Kg7 49. Rd6 Rxd6 50. cxd6 Nb8 51. Kd2 Kf7 52. Ke3 Ke6 53. Be7 Nc6 54. Bf8 Nxb4 55. d7 Nc2+ 56. Kd2 Kxd7 57. Kxc2 Ke6 {(=)} 58. Bg7 Bc6 59. Kd3 Bb5+ 60. Ke3 Ba6 61. Bxe5 1/2-1/2

[Event "VL-2022/23"]
[Site "MVP"]
[Date "2022.12.11"]
[Round "4.2"]
[White "Knoop, Sascha"]
[Black "Petrow, Jonas"]
[Result "0-1"]
[WhiteElo "1790"]
[BlackElo "1811"]
[PlyCount "73"]
[EventDate "2022.??.??"]
[EventType "team-tourn"]
[EventRounds "9"]
[EventCountry "GER"]
[WhiteTeam "Mecklenburger Springer"]
[BlackTeam "Makkabi Rostock"]
[WhiteTeamCountry "GER"]
[BlackTeamCountry "GER"]

1. d4 d5 2. c4 c6 3. Nf3 Nf6 4. e3 e6 5. b3 Ne4 6. Bd3 Nd7 7. O-O f5 8. Ba3 Bxa3 9. Nxa3 Qf6 10. b4 O-O 11. b5 c5 12. Rc1 b6 13. Bb1 Bb7 14. cxd5 exd5 15. Qb3 c4 16. Qb4 Kh8 17. Nd2 Rac8 18. Nxe4 fxe4 19. Qa4 Ra8 20. f3 Qg5 21. Rce1 Rxf3 22. Rxf3 exf3 23. Qc2 Nf6 24. Qf2 Qxg2+ 25. Qxg2 fxg2 26. Kxg2 Re8 27. Bf5 Bc8 28. Bc2 Bd7 29. Kf3 Rf8 30. Ke2 Ng4 31. Rg1 Rf2+ 32. Ke1 Rf3 33. Kd2 Rf2+ 34. Ke1 Rxh2 35. e4 Ne3 36. Bb1 dxe4 37. Rg5 0-1

[Event "VL-2022/23"]
[Site "MVP"]
[Date "2022.12.11"]
[Round "4.3"]
[White "Roeste, Hugo"]
[Black "Hopp, Peter"]
[Result "1/2-1/2"]
[WhiteElo "1613"]
[BlackElo "1831"]
[PlyCount "87"]
[EventDate "2022.??.??"]
[EventType "team-tourn"]
[EventRounds "9"]
[EventCountry "GER"]
[WhiteTeam "Makkabi Rostock"]
[BlackTeam "Mecklenburger Springer"]
[WhiteTeamCountry "GER"]
[BlackTeamCountry "GER"]

1. d4 Nf6 2. c4 e6 3. Nc3 d5 4. Bf4 a6 5. e3 c5 6. Nf3 Nc6 7. Be2 Be7 8. h3 O-O 9. O-O dxc4 10. Bxc4 cxd4 11. exd4 Nb4 12. a3 Nbd5 13. Nxd5 Nxd5 14. Bh2 b5 15. Ba2 Bb7 16. Rc1 Bf6 17. Ne5 Ne7 18. Rc5 Rc8 19. Rxc8 Qxc8 20. Ng4 Bg5 21. f4 Bh4 22. Qc1 Nf5 23. Qc3 Qxc3 24. bxc3 h5 25. Ne5 Ne3 26. g3 Nxf1 27. Kxf1 Be7 28. a4 Rc8 29. axb5 axb5 30. c4 bxc4 31. Bxc4 Be4 32. Bg1 Bb4 33. Ke2 Bd6 34. Ke3 Bg2 35. Be2 g6 36. h4 Bd5 37. g4 Bxe5 38. fxe5 hxg4 39. Bxg4 Rc3+ 40. Kf4 Kg7 41. Bf2 Rc2 42. Ke3 Rc3+ 43. Kf4 Rc2 44. Ke3 1/2-1/2

[Event "VL-2022/23"]
[Site "MVP"]
[Date "2022.12.11"]
[Round "4.7"]
[White "Roeste, Stein"]
[Black "Moritz, Egon"]
[Result "1/2-1/2"]
[WhiteElo "1731"]
[BlackElo "1627"]
[PlyCount "48"]
[EventDate "2022.??.??"]
[EventType "team-tourn"]
[EventRounds "9"]
[EventCountry "GER"]
[WhiteTeam "Makkabi Rostock"]
[BlackTeam "Mecklenburger Springer"]
[WhiteTeamCountry "GER"]
[BlackTeamCountry "GER"]

1. d4 d5 2. c4 e6 3. Nc3 Nf6 4. Bg5 Be7 5. Nf3 O-O 6. e3 h6 7. Bh4 b6 8. Be2 dxc4 9. Bxc4 Bb7 10. O-O Nbd7 11. a3 c5 12. Be2 Ne4 13. Bxe7 Qxe7 14. Bd3 Ndf6 15. Bxe4 Bxe4 16. Nxe4 Nxe4 17. Qc2 Qb7 18. dxc5 Nxc5 19. b4 Ne4 20. Rac1 Rac8 21. Qb2 Rfd8 22. Rxc8 Qxc8 23. Rc1 Qd7 24. h3 Rc8 1/2-1/2

[Event "VL-2022/23"]
[Site "MVP"]
[Date "2022.12.11"]
[Round "4.8"]
[White "Wittenburg, Dirk"]
[Black "Koepnick, Amanda"]
[Result "1/2-1/2"]
[WhiteElo "1509"]
[BlackElo "1244"]
[PlyCount "36"]
[EventDate "2022.??.??"]
[EventType "team-tourn"]
[EventRounds "9"]
[EventCountry "GER"]
[WhiteTeam "Mecklenburger Springer"]
[BlackTeam "Makkabi Rostock"]
[WhiteTeamCountry "GER"]
[BlackTeamCountry "GER"]

1. e4 e5 2. Nf3 Nc6 3. Bc4 Bc5 4. Nc3 Nf6 5. O-O O-O 6. a3 d6 7. d3 Bg4 8. Bg5 Nd4 9. b4 Bb6 10. Nd5 Nxf3+ 11. gxf3 Bh5 12. Kh1 Kh8 13. Nxf6 gxf6 14. Bh4 Rg8 15. h3 Qe7 16. Qe2 Rg6 17. Rg1 Rag8 18. Rg3 h6 1/2-1/2

[Event "VL-2022/23"]
[Site "MVP"]
[Date "2022.12.11"]
[Round "4.1"]
[White "Stutz, Reno"]
[Black "Kist, Eike Andreas"]
[Result "1-0"]
[WhiteElo "2039"]
[BlackElo "1697"]
[PlyCount "51"]
[EventDate "2022.??.??"]
[EventType "team-tourn"]
[EventRounds "9"]
[EventCountry "GER"]
[WhiteTeam "GW Wismar"]
[BlackTeam "Think Rochade"]
[WhiteTeamCountry "GER"]
[BlackTeamCountry "GER"]

1. d4 Nf6 2. Nf3 d5 3. e3 Bg4 4. h3 Bh5 5. g4 Bg6 6. Ne5 Nfd7 7. Nxg6 hxg6 8. Bg2 e6 9. c4 c6 10. cxd5 exd5 11. Nc3 Bd6 12. e4 dxe4 13. Nxe4 Bb4+ 14. Bd2 Bxd2+ 15. Qxd2 O-O 16. O-O-O Nf6 17. g5 Nxe4 18. Bxe4 Qd6 19. h4 Nd7 20. h5 gxh5 21. Rxh5 f5 22. Bc2 Nb6 23. Rdh1 Qg6 24. Bb3+ Nd5 25. Qa5 Qe6 26. g6 1-0